Ca se prononce quasi pareil, mais ne s'écrit pas pareil - Statistiques

Statistiques générales
  • Ce quiz a été pris 209 fois
  • Le résultat moyen est 27 sur 30
Statistiques - réponses
Réponse % Correct
Ail
100%
Aïe
98%
Seins
97%
Ver
97%
Verre
97%
Vert
97%
Peau
96%
Vers
96%
Sain
95%
Saint
95%
Cent
94%
Pau
94%
Sang
94%
Sans
94%
Pot
93%
Seau
93%
Paire
92%
Père
92%
Saut
92%
Sent
92%
Sot
92%
Hi
90%
Pair
88%
Chaîne
87%
Chêne
87%
Bal
86%
Balle
86%
Sceau
83%
Ceint
64%
Seing
38%
Aucun quiz correspondant
Distribution des résultats
% des personnes avec chaque résultat
Percentile par nombre de réponses
Votre historique - résultats
Vous n’avez pas pris ce quiz